| 000 | 00000nam##2200000za#4500 |
| 001 | 9.625540 |
| 003 | CaOODSP |
| 005 | 20200421163407 |
| 007 | ta |
| 008 | 150406|2000||||xxc||||| f|0| 0 fre|d |
| 040 | |aCaOODSP|bfre |
| 043 | |an-cn--- |
| 086 | 1 |aNH18-23/72F |
| 110 | 2 |aSociété canadienne d'hypothèques et de logement. |
| 245 | 10|aLes canadiennes et leur logement: 1997 |
| 260 | |aOttawa - Ontario : |bSociété canadienne d'hypothèques et de logement |c2000. |
| 300 | |a4p. ; |c28 cm. |
| 490 | 1 |aLe point en recherche. Série socio-économique |v72 |
| 563 | |aDépliant |
| 590 | |a01-02|b2001-01-12 |
| 691 | 07|aLogement|2gcpds |
| 691 | 07|aCondition de la femme|2gcpds |
| 691 | 07|aIndicateurs sociaux|2gcpds |
| 775 | 08|tCanadian women and their housing: 1997 |w(CaOODSP)9.615466 |
| 776 | 0#|tLes canadiennes et leur logement : 1997 |w(CaOODSP)9.602178 |
| 830 | #0|aLe point en recherche. Série socio-économique ;|v72|w(CaOODSP)9.513180 |
| 986 | |aLNH 2267 |